000
00299nam a2200121 a 4500
005
20140414131856.0
008
100901s19uu xx 00 eng d
050
_a
FIL
_b
P98 2006
100
_a
Bigornia, Mike
245
_a
Putot.
260
_a
Manila, Philippines :
_b
Adarna,
_c
2006.
999
_c
110444
_d
110444